বিশ্লেষনী দর্শন : জি.ই.ম্যুর (Record no. 4483)
[ view plain ]
| 000 -LEADER | |
|---|---|
| fixed length control field | 00538nam a2200145Ia 4500 |
| 008 - FIXED-LENGTH DATA ELEMENTS--GENERAL INFORMATION | |
| fixed length control field | 151213s9999 xx 000 0 und d |
| 100 ## - MAIN ENTRY--PERSONAL NAME | |
| Personal name | ড: মো: আ: হামিদ। |
| 245 ## - TITLE STATEMENT | |
| Title | বিশ্লেষনী দর্শন : জি.ই.ম্যুর |
| Statement of responsibility, etc. | ড: মো: আ: হামিদ। |
| 260 ## - PUBLICATION, DISTRIBUTION, ETC. (IMPRINT) | |
| Place of publication, distribution, etc. | ঢাকা। |
| Name of publisher, distributor, etc. | মিসেস ফজিলাতুন্নেছ^া। |
| Date of publication, distribution, etc. | 1981 |
| 300 ## - PHYSICAL DESCRIPTION | |
| Extent | 8697 p. |
| 650 ## - SUBJECT ADDED ENTRY--TOPICAL TERM | |
| Topical term or geographic name as entry element | Bangla |
| 650 ## - SUBJECT ADDED ENTRY--TOPICAL TERM | |
| Topical term or geographic name as entry element | দর্শন |
| 700 ## - ADDED ENTRY--PERSONAL NAME | |
| Personal name | ড: মো: আ: হামিদ। |
No items available.
